000 00660nam a2200205Ia 4500
005 20250130085046.0
008 210716s2012 xx 000 0 und d
020 _a9788126528004
040 _cAIMIT LIBRARY
041 _aeng
082 _a005.4482
_21
_bMIND
100 _aMinoli, Daniel.
_951161
245 _aNetworking approach to grid computing /
_cBy Daniel minoli.
250 _a1st ed.
260 _aNew Delhi :
_bWiley India Pvt Ltd ,
_c2012 .
300 _axvii, 377p. ;
_bPB
_c23 cm.
650 _aGrid benefits and status of technology
_951162
650 _aCommunication systems for local grids
_951173
942 _2ddc
_cBK
_e1st
_k005.4482 MIND
999 _c193121
_d193121